| 000 -LEADER |
| fixed length control field |
00760nam a2200229Ia 4500 |
| 001 - CONTROL NUMBER |
| control field |
14699 |
| 003 - CONTROL NUMBER IDENTIFIER |
| control field |
GE_BSU |
| 008 - FIXED-LENGTH DATA ELEMENTS--GENERAL INFORMATION |
| fixed length control field |
181216s||||||||xx |||||||||||||| ||und|| |
| 040 ## - CATALOGING SOURCE |
| Transcribing agency |
GE_BSU |
| 080 ## - UNIVERSAL DECIMAL CLASSIFICATION NUMBER |
| Universal Decimal Classification number |
531(075.8) |
| 100 ## - MAIN ENTRY--PERSONAL NAME |
| Personal name |
Браниченко,Н.А. Кан,В.Л. Минцберг,Б.Л. и др. |
| 245 ## - TITLE STATEMENT |
| Title |
Сборник задач по теоретической механике. |
| 245 ## - TITLE STATEMENT |
| Remainder of title |
Учебник. |
| 245 ## - TITLE STATEMENT |
| Statement of responsibility, etc. |
Ред. Ю.Ф.Бачарова. |
| 250 ## - EDITION STATEMENT |
| Edition statement |
Изд. второе, перераб. и дополн. |
| 260 ## - PUBLICATION, DISTRIBUTION, ETC. |
| Place of publication, distribution, etc. |
М. |
| 260 ## - PUBLICATION, DISTRIBUTION, ETC. |
| Name of publisher, distributor, etc. |
Высшая школа. |
| 260 ## - PUBLICATION, DISTRIBUTION, ETC. |
| Date of publication, distribution, etc. |
1967. |
| 300 ## - PHYSICAL DESCRIPTION |
| Extent |
531 стр. 22 см. |
| 653 ## - INDEX TERM--UNCONTROLLED |
| Uncontrolled term |
Сборник задач по теоретической механике. |
| 942 ## - ADDED ENTRY ELEMENTS (KOHA) |
| Koha item type |
წიგნი |